| 000 | 00651nam a22001817a 4500 | ||
|---|---|---|---|
| 005 | 20251108173116.0 | ||
| 008 | 250721s2005 xx 000 0 ara d | ||
| 082 | 1 | 4 | _a189.33/ غزا |
| 100 | 1 | _aالغزالي، حجةالإسلام أبو حامد محمدبن محمد... | |
| 245 | 1 | 0 | _aتهافت الفلاسفة : حجة الاسلام ابو حامد الغزالي / |
| 264 | 1 |
_aعمان : _bدار الإسراء للنشر و التوزيع، _c2005. |
|
| 300 | _a220ص. | ||
| 650 | 1 | 7 | _aالإسلام |
| 650 | 1 | 7 | _aالفلسفة الإسلامية |
| 700 | 1 |
_aالدمشقي، جمال _eed. |
|
| 942 |
_2ddc _cBK |
||
| 999 |
_c96257 _d96257 |
||